Curso elemental de geografía universal (Record no. 13213)
[ view plain ]
| 000 -CABECERA | |
|---|---|
| campo de control de longitud fija | 00944nam a2200229 a 4500 |
| 003 - IDENTIFICADOR DEL NÚMERO DE CONTROL | |
| campo de control | MX-MxUPN |
| 005 - FECHA Y HORA DE LA ÚLTIMA TRANSACCIÓN | |
| campo de control | 20240611103203.0 |
| 008 - ELEMENTOS DE LONGITUD FIJA--INFORMACIÓN GENERAL | |
| campo de control de longitud fija | 991125s1901 mx r 000 0 spa d |
| 035 ## - NÚMERO DE CONTROL DEL SISTEMA | |
| Número de control de sistema | UPN01000013213 |
| 040 ## - FUENTE DE LA CATALOGACIÓN | |
| Centro catalogador/agencia de origen | MX-MxUPN |
| Lengua de catalogación | spa |
| Centro/agencia transcriptor | MX-MxUPN |
| 041 0# - CÓDIGO DE IDIOMA | |
| Código de lengua del texto/banda sonora o título independiente | spa |
| 050 14 - SIGNATURA TOPOGRÁFICA DE LA BIBLIOTECA DEL CONGRESO | |
| Número de clasificación | LB1653 M6 |
| Número de documento/Ítem | G34 1901 |
| 100 1# - ASIENTO PRINCIPAL--NOMBRE PERSONAL | |
| Nombre de persona | García Cubas, Antonio, |
| Fechas asociadas al nombre | 1832-1912 |
| 9 (RLIN) | 30210 |
| 245 10 - MENCIÓN DE TÍTULO | |
| Título | Curso elemental de geografía universal |
| 250 ## - MENCIÓN DE EDICIÓN | |
| Mención de edición | Séptima edición revisada, corregida y aumentada. |
| 260 ## - PUBLICACIÓN, DISTRIBUCIÓN, ETC. | |
| Lugar de publicación, distribución, etc. | México : |
| Nombre del editor, distribuidor, etc. | Antigua Imprenta de Murguía, |
| Fecha de publicación, distribución, etc. | 1901 |
| 300 ## - DESCRIPCIÓN FÍSICA | |
| Extensión | viii, 425 páginas |
| 500 ## - NOTA GENERAL | |
| Nota general | "Dispuesto con arreglo á un nuevo método que facilite su enseñanza en los establecimientos de instrucción de la república, y precedido de las nociones indis´pensables de geometría para el estudio de esta ciencia"--portada |
| 650 #4 - ASIENTO SECUNDARIO DE MATERIA - TERMINO TEMATICO | |
| Término de materia o nombre geográfico como elemento de entrada | Geografía |
| Subdivisión general | Estudio y enseñanza |
| 9 (RLIN) | 10181 |
| 650 #4 - ASIENTO SECUNDARIO DE MATERIA - TERMINO TEMATICO | |
| Término de materia o nombre geográfico como elemento de entrada | Geografía |
| Subdivisión de forma | Libros de texto |
| 9 (RLIN) | 24506 |
| 942 ## - ELEMENTOS DE PUNTO DE ACCESO ADICIONAL (KOHA) | |
| Fuente del sistema de clasificación o colocación | Library of Congress Classification |
| Tipo de ítem Koha | Libro |
| Estado de retiro | Estado de pérdida | Fuente del sistema de clasificación o colocación | Estado dañado | No para préstamo | Código de colección | Localización permanente | Ubicación/localización actual | Ubicación en estantería | Fecha de adquisición | Total de préstamos | Clasificación | Código de barras | Fecha visto por última vez | Tipo de ítem Koha |
|---|---|---|---|---|---|---|---|---|---|---|---|---|---|---|
| Library of Congress Classification | Disponible (Préstamo en sala) | Libros de texto | Bib. Gregorio Torres Quintero | Bib. Gregorio Torres Quintero | Colecciones especiales Planta alta | 18/11/2022 | 2 | LB1653 M6 G34 1901 | 122127 | 31/12/2020 | Libro |
